| 000 | 00937 a2200193 4500 | ||
|---|---|---|---|
| 003 | Nust | ||
| 005 | 20230704114608.0 | ||
| 022 | _a0333981111 | ||
| 040 | _cNust | ||
| 082 | _a511,GRO | ||
| 100 |
_aGrossman, Peter _9113292 |
||
| 245 |
_aDiscrete Mathematics for Computing / _cPeter Grossman |
||
| 250 | _a2nd Edition | ||
| 260 |
_aPalgrave Macmillan _bChina _c2002 |
||
| 300 | _axv, 301 p | ||
| 505 | _aIntroduction to algorithms (Page-1), Bases and number representation (Page-10), Computer representation and arithmetic (Page-28), Logic (Page-44), Sets and relations (Page-72), Functions (Page-94), Induction and recursion (Page-110), Boolean algebra and digital circuits (Page-138), Cobinatorics (Page-163), Introduction to graph theory (Page-174), Trees (Page-200), Number theory (Page-217), Algorithms and computational complexity (Page-242), | ||
| 650 |
_aDiscrete Mathematics for Computing _9113293 |
||
| 942 |
_2ddc _cBKB |
||
| 999 |
_c217998 _d217998 |
||